The bigger city - Austria - Statistics

General Stats
  • This quiz has been taken 8 times
  • The average score is 6 of 10
Answer Stats
Question Answer % Correct
Which city is bigger Klagenfurt
100%
Which city is bigger Vienna
100%
Which city is bigger Hallein
75%
Which city is bigger St. Pölten
75%
Which city is bigger Baden bei Wien
63%
Which city is bigger Bad Vöslau
50%
Which city is bigger Linz
50%
Which city is bigger Wels
38%
Which city is bigger Ybbs
25%
Which city is bigger Tulln
13%
No matching quizzes found
Score Distribution
Percent of People with Each Score
Percentile by Number Answered
Your Score History
You have not taken this quiz